000 01065nam a2200229 i 4500
001 182579
003 ES-MaACL
005 20240514173353.0
008 130930s1869 sp a | |||||||| | spa d
080 _a908(460.356)
080 _a94(460.356)
100 1 _aBisso, José.
_9125996
245 1 0 _aCrónica de la provincia de Málaga /
_cpor José Bisso.
260 _aMadrid :
_bRubio, Grilo y Vitturi,
_c1869.
300 _aVI, 99 p., [5] h. de lám., [1] h. de mapas :
_bil. ;
_c32 cm.
490 1 _aCrónica general de España, o sea historia ilustrada y descriptiva de sus provincias, sus poblaciones más importantes de la península y de ultramar
651 4 _aMálaga (Provincia)-
_xDescripción.
_9137269
651 4 _aMálaga (Provincia)-
_xHistoria.
_9152263
830 0 _aCrónica general de España, o sea Historia ilustrada y descriptiva de sus provincias, sus poblaciones más importantes de la península y posesiones de Ultramar
_9224862
852 _aES-MaACL
_jC-1581(4)
_z.- Encuadernado con otras obras
999 _c182579
_d182579